International Law & Human Rights 22nd Ed. (Record no. 18895)

MARC details
000 -LEADER
fixed length control field 00418nam a2200157Ia 4500
008 - FIXED-LENGTH DATA ELEMENTS--GENERAL INFORMATION
fixed length control field 221030s9999 xx 000 0 und d
020 ## - INTERNATIONAL STANDARD BOOK NUMBER
ISBN 9788194833062
041 ## - LANGUAGE CODE
Language code of text/sound track or separate title
100 ## - MAIN ENTRY--AUTHOR NAME
Personal name S. K. Kapoor
245 #0 - TITLE STATEMENT
Title International Law & Human Rights 22nd Ed.
Statement of responsibility, etc by S. K. Kapoor
250 ## - EDITION STATEMENT
Edition statement 22nd
260 ## - PUBLICATION, DISTRIBUTION, ETC. (IMPRINT)
Name of publisher Central Law Publications
Place of publication Prayagraj
Year of publication 2022
300 ## - PHYSICAL DESCRIPTION
Number of Pages 982
650 ## - SUBJECT ADDED ENTRY--TOPICAL TERM
Topical Term International Law
942 ## - ADDED ENTRY ELEMENTS (KOHA)
Koha item type Books
Holdings
Accession Number Cost, normal purchase price Bill Date Source of acquisition Price effective from Koha item type Withdrawn / writtenoff status Materials specified (bound volume or other part) Damaged status Not for loan Permanent Location Current Location Shelving location Date acquired Lost/ Missing status department
LLB 147 830.00 15 RKB 10/30/2022 Books   Print   Not For Loan MIET Library, Jammu MIET Library, Jammu BL-, FL-, CUP-180, SH-4, R-4 05/04/2022   BBA LLB
LLB 148 830.00 15 RKB 10/30/2022 Books   Print     MIET Library, Jammu MIET Library, Jammu BL-, FL-, CUP-178, SH-4, R-4 05/04/2022   BBA LLB